System Criminality in International Law : (Record no. 619841)

MARC details
000 -LEADER
fixed length control field 00520nam a2200193 a 4500
008 - FIXED-LENGTH DATA ELEMENTS--GENERAL INFORMATION
fixed length control field 260424s2009##################000#0#eng##
020 ## - INTERNATIONAL STANDARD BOOK NUMBER
ISBN 9780521763561
082 04 - DEWEY DECIMAL CLASSIFICATION NUMBER
Classification number 345.0235WIL
100 1# - MAIN ENTRY--AUTHOR NAME
Personal name Wilt, Harmen van der,
245 10 - TITLE STATEMENT
Title System Criminality in International Law :
260 ## - PUBLICATION, DISTRIBUTION, ETC. (IMPRINT)
Name of publisher Cambridge University Press,
Year of publication 2009.
300 ## - PHYSICAL DESCRIPTION
Number of Pages 401 pages
650 #0 - SUBJECT ADDED ENTRY--TOPICAL TERM
Topical Term Law.
942 ## - ADDED ENTRY ELEMENTS (KOHA)
Koha item type English Books
Holdings
Withdrawn status Lost status Damaged status Not for loan Home library Current library Date acquired Full call number Accession Number Price effective from Koha item type
        Anna Centenary Library Anna Centenary Library 24.04.2026 345.0235WIL 96726 24.04.2026 English Books

Find us on the map